00604nam a2200205 i 450000100060000000300090000600500170001500700030003200800410003502000180007608000110009424500820010526000350018730000300022249000260025265000430027870000180032183000260033985200330036517567ES-MaACL20250728100851.0t|010404s1995 sp ||||1| spa d a84-376-1346-9 a28:29100aCristianismo primitivo y religiones mistéricas / cJaime Alvar... [et al.]. aMadrid : bCátedra, c[1995] a564 p. : bil. ; c24 cm.1 aHistoria. Serie mayor07aCristianismo y otras religiones2embne1 aAlvar, Jaime.0 aHistoria. Serie mayor aES-MaACLjL-24529 bR.129789